| 000 | 02277cam a22004575a 4500 | ||
|---|---|---|---|
| 001 | ssj0001287641 | ||
| 003 | OSt | ||
| 005 | 20160221155318.0 | ||
| 008 | 140411s2014 enk sb 001 0 eng d | ||
| 020 | _z9781118414880 (cloth) | ||
| 040 |
_aDLC _beng _cDLC _dDLC _dWaSeSS _dEG-ScBUE |
||
| 082 | 0 | 4 |
_a615.19 _222 _bROS |
| 100 | 1 |
_aRosier, Jan A. _939401 |
|
| 245 | 1 | 0 |
_aGlobal new drug development : _ban introduction / _cJan A. Rosier, Mark A. Martens, and Josse R. Thomas. |
| 260 |
_aChichester : _bWiley Blackwell, _c2014. |
||
| 300 |
_axxii, 402 p. : _bill. ; _c24 cm. |
||
| 490 | 0 | _aULLA postgraduate pharmacy series. | |
| 500 | _aIndex : p. 391-402. | ||
| 504 | _aIncludes bibliographical references. | ||
| 505 | 0 | _aDrug life cycle -- Drug discovery and design -- Drug development: general aspects -- Methods and techniques used in drug development -- The early development of a new drug -- The late development of a new drug -- Special drug developments -- Drug commercialisation. | |
| 506 | _aAvailable on campus and off campus with authorized login. | ||
| 650 | 0 |
_aDrug development. _2BUEsh |
|
| 651 | _2BUEsh | ||
| 653 |
_bPPhrm _cFebruary2016 |
||
| 700 | 1 | _aMartens, Mark A. | |
| 700 | 1 | _aThomas, Josse R. | |
| 776 | 0 | 8 |
_iPrint version: _aRosier, Jan A., author. _tGlobal new drug development _dChichester, West Sussex : John Wiley & Sons, 2014 _z9781118414880 _w(DLC) 2014013906 |
| 856 | 4 | 0 |
_aSOUTHEAST _uhttp://BZ6FJ9FL8E.search.serialssolutions.com/?V=1.0&L=BZ6FJ9FL8E&S=JCs&C=TC0001287641&T=marc |
| 856 | 4 | 0 |
_aBLOOMINGTON _uhttp://KG6EK7CQ2B.search.serialssolutions.com/?V=1.0&L=KG6EK7CQ2B&S=JCs&C=TC0001287641&T=marc |
| 856 | 4 | 0 |
_aEAST _uhttp://MN3KU4AR6Y.search.serialssolutions.com/?V=1.0&L=MN3KU4AR6Y&S=JCs&C=TC0001287641&T=marc |
| 856 | 4 | 0 |
_aIUPUI _uhttp://RX8KL6YF4X.search.serialssolutions.com/?V=1.0&L=RX8KL6YF4X&S=JCs&C=TC0001287641&T=marc |
| 856 | 4 | 0 |
_aKOKOMO _uhttp://TE6UZ4HK6Z.search.serialssolutions.com/?V=1.0&L=TE6UZ4HK6Z&S=JCs&C=TC0001287641&T=marc |
| 856 | 4 | 0 |
_aCOLUMBUS _uhttp://RX8KL6YF4X.search.serialssolutions.com/?V=1.0&L=RX8KL6YF4X&S=JCs&C=TC0001287641&T=marc |
| 942 | _2ddc | ||
| 949 | _hseasebook | ||
| 949 | _hwellsebook | ||
| 949 | _heaebook | ||
| 949 | _hulebook | ||
| 949 | _hkokoebook | ||
| 949 | _hcoebook | ||
| 999 |
_c21203 _d21175 |
||